000 00613nam a2200241 a 4500
001 nice12345678
003 IN_TiNIC
005 20260116012059.0
008 050524s1921 lona grp 000 0 ger
020 _a
_c100
082 0 0 _a297.24
_bZWE
100 _aZwemer, Samuel M
245 _aDie Christologie Des Islam
260 _aLondon
_bStudent Christian Movement Press
_c1921
300 _a116p
500 _aincludes index and biblioraphy
505 2 _aresereved
650 _aJesus Christ-Islamic Interpretation
700 1 _aZwemer, Samuel M
902 _bSRS
942 _cBK
999 _c5560
_d5560